[Event "SRB-chT2 West CS"]
[Site "Serbia"]
[Date "2016.10.08"]
[Round "9.1"]
[White "Kozaicevski, Fedja"]
[Black "Vizlina, Branisa"]
[Result "0-1"]
[WhiteElo "1971"]
[BlackElo "2061"]
[PlyCount "74"]
[EventDate "2016.09.04"]
[EventType "team-tourn"]
[EventRounds "11"]
[EventCountry "SRB"]
[SourceTitle "EXT 2018"]
[Source "ChessBase"]
[SourceDate "2017.10.13"]
[SourceVersion "1"]
[SourceVersionDate "2017.10.13"]
[SourceQuality "1"]

1. e4 d5 2. exd5 Nf6 3. Nf3 Nxd5 4. d4 c6 5. c4 Nf6 6. Bd3 Bg4 7. Be3 g6 8. Nbd2 Bg7 9. h3 Bxf3 10. Nxf3 Nbd7 11. Qd2 h6 12. 0-0 e6 13. Rfe1 g5 14. h4 gxh4 15. Nxh4 Ng4 16. Nf5 Bf8 17. Bf4 Qb6 18. c5 Nxc5 19. dxc5 Bxc5 20. Ne3 Rg8 21. Nxg4 Rxg4 22. Be3 0-0-0 23. Bxc5 Qxc5 24. Qe3 Qa5 25. Be2 Rg5 26. b4 Qf5 27. Qxa7 Rxg2+ 28. Kxg2 Rg8+ 29. Bg4 Rxg4+ 30. Kf1 Qd3+ 31. Re2 Qh3+ 32. Ke1 Qh1+ 33. Kd2 Qxa1 34. Qa8+ Kc7 35. Qa5+ Kd7 36. Kc2 Rc4+ 37. Kb3 Qc3+ 0-1

[Event "SRB-chT2 West"]
[Site "Kragujevac"]
[Date "2015.10.09"]
[Round "8.5"]
[White "Kozaicevski, Fedja"]
[Black "Gajic, Aleksandar"]
[Result "1/2-1/2"]
[WhiteElo "1965"]
[BlackElo "1701"]
[PlyCount "77"]
[EventDate "2015.09.04"]
[EventType "team-tourn"]
[EventRounds "11"]
[EventCountry "SRB"]
[SourceTitle "EXT 2022"]
[Source "ChessBase"]
[SourceDate "2021.10.06"]
[SourceVersion "1"]
[SourceVersionDate "2021.10.06"]
[SourceQuality "1"]

1. e4 c6 2. d4 d5 3. e5 Bf5 4. h4 h5 5. Bd3 Bxd3 6. Qxd3 e6 7. Nf3 c5 8. Be3 Nc6 9. dxc5 Qc7 10. Nc3 a6 11. 0-0-0 Qa5 12. a3 Nh6 13. Ne2 Ng4 14. b4 Qc7 15. Qc3 g6 16. Ned4 Bg7 17. Nxc6 bxc6 18. Bd4 0-0 19. Rde1 a5 20. Nh2 Nh6 21. f3 axb4 22. axb4 Nf5 23. g4 Nxd4 24. Qxd4 f6 25. f4 fxe5 26. fxe5 Rf7 27. gxh5 gxh5 28. Nf1 Raf8 29. Ng3 Rf4 30. Qb2 Qf7 31. Ref1 Qg6 32. Rxf4 Rxf4 33. Ne2 Rf2 34. Re1 Qe4 35. Kd1 Bxe5 36. Qa2 Qxb4 37. Qa8+ Qb8 38. Qxb8+ Bxb8 39. Nd4 1/2-1/2

[Event "SRB-chT2 West"]
[Site "Kragujevac"]
[Date "2015.10.08"]
[Round "6.5"]
[White "Kozaicevski, Fedja"]
[Black "Stevanovic, Milos"]
[Result "0-1"]
[WhiteElo "1965"]
[BlackElo "1630"]
[PlyCount "124"]
[EventDate "2015.09.04"]
[EventType "team-tourn"]
[EventRounds "11"]
[EventCountry "SRB"]
[SourceTitle "EXT 2022"]
[Source "ChessBase"]
[SourceDate "2021.10.06"]
[SourceVersion "1"]
[SourceVersionDate "2021.10.06"]
[SourceQuality "1"]

1. e4 c5 2. Nf3 a6 3. Nc3 b5 4. d4 cxd4 5. Nxd4 Bb7 6. f3 g6 7. Be3 Bg7 8. Qd2 Nc6 9. Nd5 Nxd4 10. Bxd4 Bxd4 11. Qxd4 f6 12. Nb6 Rb8 13. 0-0-0 Bc6 14. Nd5 Nh6 15. g4 Nf7 16. h4 h5 17. Qe3 Bxd5 18. exd5 Qc7 19. Bd3 Ne5 20. d6 Qb6 21. Qe2 Kf7 22. gxh5 Rxh5 23. f4 Nxd3+ 24. Rxd3 e6 25. Qd2 Rc8 26. b3 b4 27. Rhh3 Rhc5 28. Rh2 Rc3 29. Kb2 R8c5 30. Qe2 Qa5 31. Rhh3 Qa3+ 32. Kb1 Ra5 33. Rxc3 bxc3 34. Rxc3 Qxa2+ 35. Kc1 Qa3+ 36. Kd1 Qxd6+ 37. Rd3 Ra1+ 38. Kd2 Qb4+ 39. Rc3 Qxf4+ 40. Re3 Qxh4 41. Qd3 Qb4+ 42. Ke2 Qe1+ 43. Kf3 Qf1+ 44. Ke4 Rd1 45. Qxf1 Rxf1 46. Kd4 d5 47. Kc5 Rc1 48. c3 Ke7 49. Rh3 f5 50. c4 dxc4 51. bxc4 f4 52. Ra3 g5 53. Rxa6 f3 54. Ra7+ Kf6 55. Ra3 g4 56. Ra8 Ke5 57. Rf8 Rc2 58. Kb4 Ke4 59. Kb3 Rc1 60. Rf6 e5 61. Kb4 g3 62. c5 g2 0-1

[Event "SRB-chT2 West"]
[Site "Kragujevac"]
[Date "2015.09.06"]
[Round "4.1"]
[White "Kozaicevski, Fedja"]
[Black "Vuksanovic, Zvezdan"]
[Result "1/2-1/2"]
[WhiteElo "1965"]
[BlackElo "2199"]
[PlyCount "89"]
[EventDate "2015.09.04"]
[EventType "team-tourn"]
[EventRounds "11"]
[EventCountry "SRB"]
[SourceTitle "EXT 2022"]
[Source "ChessBase"]
[SourceDate "2021.10.06"]
[SourceVersion "1"]
[SourceVersionDate "2021.10.06"]
[SourceQuality "1"]

1. e4 d6 2. d3 g6 3. g3 Bg7 4. Bg2 Nc6 5. Nc3 Nf6 6. f4 e5 7. Nf3 0-0 8. 0-0 exf4 9. Bxf4 Ng4 10. Qd2 Nd4 11. Bg5 Nxf3+ 12. Bxf3 f6 13. Bxg4 Bxg4 14. Bh6 c6 15. Bxg7 Kxg7 16. Rf4 h5 17. Nd1 Bxd1 18. Rxd1 Qb6+ 19. Rf2 Qxb2 20. Rdf1 c5 21. Qa5 Rf7 22. c3 Qb6 23. Qxb6 axb6 24. Rb1 Ra6 25. Rfb2 f5 26. Rxb6 fxe4 27. Rxa6 bxa6 28. dxe4 Kf6 29. Rf1+ Ke6 30. Rxf7 Kxf7 31. Kf2 Ke6 32. Ke3 Ke5 33. c4 g5 34. h4 Kf6 35. hxg5+ Kxg5 36. Kf3 a5 37. a4 Kg6 38. Ke3 Kf7 39. Kf3 Ke6 40. Ke2 Kf6 41. Kf2 Kg6 42. Kg2 Kf6 43. Kf2 Ke6 44. Ke2 Kf6 45. Kf2 1/2-1/2

[Event "SRB-ch U16"]
[Site "Vrbas"]
[Date "2015.04.11"]
[Round "4"]
[White "Radovic, Luka"]
[Black "Kozaicevski, Fedja"]
[Result "1-0"]
[WhiteElo "2299"]
[BlackElo "1936"]
[PlyCount "87"]
[EventDate "2015.04.09"]
[EventType "swiss"]
[EventRounds "9"]
[EventCountry "SRB"]
[SourceTitle "EXT 2016"]
[Source "ChessBase"]
[SourceDate "2015.10.08"]
[SourceVersion "1"]
[SourceVersionDate "2015.10.08"]
[SourceQuality "1"]

1. b3 Nf6 2. Bb2 d6 3. f4 g6 4. Nf3 Bg7 5. e4 e5 6. fxe5 Nxe4 7. Qe2 d5 8. d3 Ng5 9. Nbd2 Ne6 10. 0-0-0 c5 11. h4 h5 12. d4 Nc6 13. dxc5 Qa5 14. Kb1 Qxc5 15. g3 0-0 16. c4 Ned4 17. Qe3 Bf5+ 18. Kc1 Ne6 19. Qxc5 Nxc5 20. Ba3 b6 21. Re1 Rfe8 22. Bxc5 bxc5 23. cxd5 Nxe5 24. Nxe5 Rxe5 25. Bb5 Rd8 26. Bc6 Rxe1+ 27. Rxe1 Bh6 28. Re7 a6 29. Ra7 Bd3 30. Kd1 Bb5 31. Bb7 Kg7 32. a4 Bd3 33. Bc6 Be3 34. Nc4 Bf2 35. Ne5 Bf5 36. Nxf7 c4 37. Nxd8+ Bxa7 38. bxc4 Bd3 39. c5 Kf6 40. d6 Bxc5 41. Nb7 Bxd6 42. Nxd6 Ke6 43. Be4 Bxe4 44. Nxe4 1-0

[Event "Belgrade-chT"]
[Site "Belgrade"]
[Date "2014.11.01"]
[Round "9"]
[White "Kozaicevski, Fedja"]
[Black "Petrovic, Radenko"]
[Result "1-0"]
[WhiteElo "1887"]
[BlackElo "2032"]
[PlyCount "101"]
[EventDate "2014.10.04"]
[EventType "team-tourn"]
[EventRounds "13"]
[EventCountry "SRB"]
[SourceTitle "EXT 2015"]
[Source "ChessBase"]
[SourceDate "2014.11.20"]
[SourceVersion "1"]
[SourceVersionDate "2014.11.20"]
[SourceQuality "1"]

1. e4 e5 2. Nf3 Nf6 3. Nxe5 d6 4. Nf3 Nxe4 5. d3 Nf6 6. Be2 d5 7. d4 Bd6 8. Nc3 c6 9. 0-0 0-0 10. Bd3 Bg4 11. h3 Bh5 12. Re1 Qc7 13. Bg5 Nbd7 14. Bf5 h6 15. Bxf6 Nxf6 16. g4 Bg6 17. Bxg6 fxg6 18. Ne5 g5 19. Re3 Rae8 20. Qe2 b5 21. a3 a5 22. Re1 b4 23. Nb1 Re6 24. Nd2 Rfe8 25. Ndf3 Ne4 26. axb4 axb4 27. Ra1 c5 28. c3 bxc3 29. bxc3 c4 30. Qc2 Rb8 31. Ree1 Rb3 32. Re3 Qb7 33. Ra2 Bxe5 34. Nxe5 Rb1+ 35. Kg2 Qb3 36. f3 Qxc2+ 37. Rxc2 Nd6 38. Nxc4 Rxe3 39. Nxe3 Rb5 40. Kf2 Nc4 41. Nxc4 dxc4 42. Ke3 Rb1 43. d5 Kf7 44. Kd4 Ke7 45. Re2+ Kd7 46. Kxc4 Rf1 47. Re3 Rh1 48. Kd4 Rxh3 49. c4 g6 50. c5 Rh1 51. c6+ 1-0

[Event "Belgrade-chT"]
[Site "Belgrade"]
[Date "2014.10.19"]
[Round "6"]
[White "Kozaicevski, Fedja"]
[Black "Antonijevic, Zivorad"]
[Result "0-1"]
[WhiteElo "1887"]
[BlackElo "2070"]
[PlyCount "52"]
[EventDate "2014.10.04"]
[EventType "team-tourn"]
[EventRounds "13"]
[EventCountry "SRB"]
[SourceTitle "EXT 2015"]
[Source "ChessBase"]
[SourceDate "2014.11.20"]
[SourceVersion "1"]
[SourceVersionDate "2014.11.20"]
[SourceQuality "1"]

1. e4 e6 2. d4 d5 3. Nc3 Bb4 4. a3 Bxc3+ 5. bxc3 dxe4 6. Qg4 Nf6 7. Qxg7 Rg8 8. Qh6 c5 9. Bb2 Rg6 10. Qd2 Nbd7 11. 0-0-0 Qa5 12. Ne2 b6 13. Nf4 Rg8 14. g3 Bb7 15. Bg2 0-0-0 16. Rhe1 Ne5 17. Kb1 Nc4 18. Qc1 Nd5 19. Nxd5 exd5 20. Qf4 Bc6 21. Ka2 Qa4 22. Bh3+ Bd7 23. Bxd7+ Rxd7 24. Re2 Nxb2 25. Rde1 Nc4 26. Qc1 f5 0-1

[Event "SRB-ch U14"]
[Site "Subotica"]
[Date "2014.04.21"]
[Round "7"]
[White "Kozaicevski, Fedja"]
[Black "Stanojevic, Ilija"]
[Result "1-0"]
[WhiteElo "1896"]
[BlackElo "1874"]
[PlyCount "83"]
[EventDate "2014.04.17"]
[EventType "swiss"]
[EventRounds "9"]
[EventCountry "SRB"]
[SourceTitle "CBM 160 Extra"]
[Source "ChessBase"]
[SourceDate "2014.07.01"]
[SourceVersion "1"]
[SourceVersionDate "2014.07.01"]
[SourceQuality "1"]

1. e4 e6 2. d4 d5 3. Nc3 Bb4 4. a3 Bxc3+ 5. bxc3 dxe4 6. Qg4 Nf6 7. Qxg7 Rg8 8. Qh6 Rg6 9. Qd2 c5 10. Bb2 Nc6 11. 0-0-0 Bd7 12. Ne2 Qc7 13. Ng3 cxd4 14. cxd4 Na5 15. Kb1 Rc8 16. h4 Ba4 17. Rc1 h5 18. Be2 Nc4 19. Bxc4 Qxc4 20. Rhe1 Bc6 21. Ne2 Rxg2 22. Nf4 Rg4 23. Rg1 b5 24. Nxh5 Nxh5 25. Rxg4 Bd5 26. Rcg1 Qa2+ 27. Kc1 Nf6 28. R4g3 Bb3 29. Rc3 Bc4 30. Qg5 Ke7 31. d5 Rg8 32. d6+ Kd7 33. Qxg8 Nxg8 34. Rxg8 Be2 35. Rg5 f6 36. Rgc5 e5 37. Rc7+ Kxd6 38. R3c6+ Kd5 39. Rxf6 a5 40. Re7 Bf3 41. Rxe5+ Kc4 42. Rc6# 1-0

[Event "SRB-ch U14"]
[Site "Subotica"]
[Date "2014.04.18"]
[Round "2"]
[White "Savic, Mihailo S"]
[Black "Kozaicevski, Fedja"]
[Result "1-0"]
[WhiteElo "1763"]
[BlackElo "1896"]
[PlyCount "79"]
[EventDate "2014.04.17"]
[EventType "swiss"]
[EventRounds "9"]
[EventCountry "SRB"]
[SourceTitle "CBM 160 Extra"]
[Source "ChessBase"]
[SourceDate "2014.07.01"]
[SourceVersion "1"]
[SourceVersionDate "2014.07.01"]
[SourceQuality "1"]

1. e4 c5 2. Nf3 Nc6 3. Bb5 g6 4. 0-0 Bg7 5. c3 Nf6 6. Re1 0-0 7. h3 d5 8. e5 Nh5 9. d4 Bh8 10. Bh6 Ng7 11. Nbd2 cxd4 12. cxd4 Qb6 13. Bxc6 bxc6 14. Nb3 Rd8 15. Rc1 Nf5 16. Bd2 a5 17. Qc2 a4 18. Nc5 Qb5 19. a3 Ng7 20. Qc3 h5 21. Bg5 Nf5 22. e6 f6 23. Bf4 Ra7 24. Rc2 g5 25. Bh2 g4 26. hxg4 hxg4 27. Nd2 Nd6 28. f3 f5 29. fxg4 Bf6 30. gxf5 Nxf5 31. Be5 Bg5 32. Nf3 Bh6 33. g4 Nd6 34. Rh2 Bg7 35. Bxg7 Kxg7 36. Qe3 Bxe6 37. Qh6+ Kf7 38. Qxe6+ Kg7 39. Qh6+ Kf7 40. Ne5+ 1-0

[Event "SRB-ch U14"]
[Site "Vrnjacka Banja"]
[Date "2013.05.04"]
[Round "7"]
[White "Kozaicevski, Fedja"]
[Black "Radovic, Luka"]
[Result "0-1"]
[WhiteElo "1903"]
[BlackElo "2018"]
[PlyCount "92"]
[EventDate "2013.04.30"]
[EventType "swiss"]
[EventRounds "9"]
[EventCountry "SRB"]
[SourceTitle "CBM 154 Extra"]
[Source "ChessBase"]
[SourceDate "2013.06.25"]
[SourceVersion "2"]
[SourceVersionDate "2013.06.25"]
[SourceQuality "1"]

1. e4 e6 2. d4 d5 3. Nc3 Nf6 4. Bg5 Be7 5. e5 Nfd7 6. Bxe7 Qxe7 7. Nb5 Nb6 8. c3 a6 9. Na3 c5 10. f4 Nc6 11. Nc2 0-0 12. Nf3 Nd7 13. Bd3 f6 14. 0-0 b5 15. g4 fxe5 16. fxe5 c4 17. Be2 a5 18. Qd2 Ba6 19. h4 Rf7 20. Qg5 Raf8 21. Qxe7 Rxe7 22. Ng5 Rxf1+ 23. Rxf1 Nb6 24. Ne3 Na4 25. Rb1 b4 26. Bd1 Bb5 27. Bc2 h6 28. Nh3 Rb7 29. Nd1 Nd8 30. g5 Be8 31. g6 Nb6 32. Ne3 a4 33. Nf4 Nc8 34. a3 bxa3 35. bxa3 Rxb1+ 36. Bxb1 Na7 37. Kf2 Nb5 38. Nd1 Nxa3 39. Ba2 Bd7 40. Ke3 Nc6 41. Nb2 Na5 42. Ke2 Nb3 43. Kd1 Kf8 44. Ng2 Be8 45. Nf4 Ke7 46. Ke2 Nc1+ 0-1

[Event "SRB-ch U14"]
[Site "Vrnjacka Banja"]
[Date "2013.05.01"]
[Round "3"]
[White "Kozaicevski, Fedja"]
[Black "Djordjevic, Vuk D"]
[Result "0-1"]
[WhiteElo "1903"]
[BlackElo "2140"]
[PlyCount "104"]
[EventDate "2013.04.30"]
[EventType "swiss"]
[EventRounds "9"]
[EventCountry "SRB"]
[SourceTitle "CBM 154 Extra"]
[Source "ChessBase"]
[SourceDate "2013.06.25"]
[SourceVersion "2"]
[SourceVersionDate "2013.06.25"]
[SourceQuality "1"]

1. e4 e6 2. d4 d5 3. exd5 exd5 4. Bd3 Bd6 5. c3 Ne7 6. Qc2 Bg4 7. Be3 Nd7 8. Nd2 Nf6 9. f3 Bh5 10. Ne2 Bg6 11. Nf1 Qd7 12. Nfg3 0-0 13. 0-0 Rfe8 14. Rfe1 c6 15. Bg5 Qc7 16. Bxf6 gxf6 17. Kh1 h5 18. Rg1 h4 19. Nf1 c5 20. g3 hxg3 21. Nfxg3 Kf8 22. Qd2 Ng8 23. Bxg6 fxg6 24. Rg2 Kf7 25. Rag1 Ne7 26. dxc5 Bxc5 27. Nd4 Rh8 28. Qe3 Bxd4 29. Qxd4 Rh3 30. f4 a6 31. Qd2 Rah8 32. Rf1 Qc8 33. Qe2 Qd7 34. Re1 R8h4 35. Rf1 Qd6 36. Qe3 Qc6 37. Kg1 Nf5 38. Qd3 Qc5+ 39. Rgf2 Nxg3 40. hxg3 Rg4 41. Kg2 Rgh4 42. Qd4 Qc8 43. Qxd5+ Kg7 44. f5 Qc7 45. Qd3 Qc6+ 46. Rf3 Rh2+ 47. Kg1 Qb6+ 48. Qe3 Rh1+ 49. Kf2 Qxb2+ 50. Ke1 Qb1+ 51. Ke2 R4h2+ 52. R3f2 Qxf1+ 0-1

[Event "SRB Kadetski festival U12 6th"]
[Site "Vrnjacka Banja"]
[Date "2012.04.12"]
[Round "4"]
[White "Kozaicevski, Fedja"]
[Black "Savic, Mihailo S"]
[Result "1/2-1/2"]
[WhiteElo "1880"]
[BlackElo "1701"]
[PlyCount "59"]
[EventDate "2012.04.10"]
[EventType "swiss"]
[EventRounds "9"]
[EventCountry "SRB"]
[SourceTitle "CBM 148 Extra"]
[Source "ChessBase"]
[SourceDate "2012.06.22"]
[SourceVersion "1"]
[SourceVersionDate "2012.06.22"]
[SourceQuality "1"]

1. e4 e6 2. d4 d5 3. Nc3 Nf6 4. e5 Nfd7 5. f4 c5 6. Nf3 Nc6 7. Be3 Qb6 8. Na4 Qa5+ 9. c3 cxd4 10. b4 Qc7 11. Nxd4 Be7 12. Bd3 g5 13. 0-0 gxf4 14. Qh5 Qxe5 15. Nxe6 Qxe3+ 16. Kh1 Qxe6 17. Bf5 Qf6 18. Rxf4 Qg7 19. Raf1 Nf6 20. Qe2 Bxf5 21. Rxf5 0-0-0 22. b5 Nd4 23. cxd4 Rd7 24. b6 a6 25. Rc1+ Kb8 26. Rc7 Rhd8 27. Qe5 Bd6 28. Rxd7 Rxd7 29. Qxf6 Qxf6 30. Rxf6 1/2-1/2